[Event "London (m/5)"]
[Site "?"]
[Date "2000.??.??"]
[Round "?"]
[White "Kasparov, Garry"]
[Black "Kramnik, Vladimir"]
[Result "1/2-1/2"]
[WhiteElo "2845"]
[BlackElo "2770"]
[PlyCount "54"]
[EventDate "2000.??.??"]
[Source "Chess Informant"]
[SourceDate "2000.10.01"]

1. c4 c5 2. Nf3 Nf6 3. g3 d5 4. cxd5 Nxd5 5. Bg2 Nc6 6. Nc3 g6 7. O-O Bg7 8. Qa4 Nb6 9. Qb5 Nd7 10. d3 O-O 11. Be3 Nd4 12. Bxd4 cxd4 13. Ne4 Qb6 14. a4 a6 15. Qxb6 Nxb6 16. a5 Nd5 17. Nc5 Rd8 18. Nd2 Rb8 19. Nc4 e6 20. Rfc1 Bh6 21. Rcb1 Bf8 22. Nb3 Bg7 23. Bxd5 Rxd5 24. Nbd2 e5 25. Ne4 Bf5 26. b4 Bxe4 27. dxe4 Rdd8 1/2-1/2

[Event "IV Match GM"]
[Site "Taiyuan CHN"]
[Date "2007.07.11"]
[Round "6"]
[White "Zhang Pengxiang"]
[Black "Cheparinov, I."]
[Result "1/2-1/2"]
[WhiteElo "2649"]
[BlackElo "2657"]
[PlyCount "89"]
[EventDate "2007.07.04"]
[Source "www.chesslib.no"]
[SourceDate "2004.05.04"]

1. e4 c5 2. Nf3 e6 3. c4 Nc6 4. Nc3 Nf6 5. Be2 d5 6. cxd5 exd5 7. exd5 Nxd5 8. O-O Be7 9. d4 O-O 10. Nxd5 Qxd5 11. Be3 cxd4 12. Nxd4 Nxd4 13. Qxd4 Qxd4 14. Bxd4 Rd8 15. Rfd1 Be6 16. Bf3 Bf6 17. Bxf6 gxf6 18. b3 Rxd1+ 19. Rxd1 Rb8 20. Kf1 b6 21. Ke2 Rc8 22. Be4 Kg7 23. Kd2 h6 24. Re1 Rc5 25. Re3 Kf8 26. Rf3 Ke7 27. Rf4 Ra5 28. Bb1 Rg5 29. g3 Rh5 30. h4 Rd5+ 31. Kc3 Rc5+ 32. Kb2 Rd5 33. Bc2 Rd2 34. a4 a5 35. Kc3 Rd8 36. Bf5 Rc8+ 37. Kb2 Rc5 38. Bd3 Rd5 39. Kc3 Rc5+ 40. Bc4 f5 41. Rd4 Rc8 42. Kd3 Rc5 43. Kc3 Rc8 44. Kb2 Rc6 45. Kc3 1/2-1/2

[Event "Rubinstein mem"]
[Site "?"]
[Date "1997.08.22"]
[Round "4"]
[White "Rublevsky Sergei"]
[Black "Krasenkow Michal"]
[Result "1-0"]
[WhiteElo "2650"]
[BlackElo "2645"]
[PlyCount "71"]
[EventDate "1997.??.??"]
[Source "www.chesslib.no"]
[SourceDate "2004.05.04"]

1. e4 c5 2. Nf3 e6 3. c4 Nc6 4. Nc3 Nf6 5. Be2 d5 6. e5 Ne4 7. O-O Be7 8. Qc2 f5 9. Na4 h6 10. cxd5 Nb4 11. Qb3 exd5 12. d3 Ng5 13. Nh4 Be6 14. Bh5+ Kd7 15. d4 c4 16. Qd1 b5 17. Nc3 Qb6 18. Ng6 Nd3 19. Nxh8 Rxh8 20. Be2 Nxc1 21. Rxc1 Qc6 22. b3 b4 23. f4 bxc3 24. fxg5 hxg5 25. bxc4 dxc4 26. Bf3 Bd5 27. Rxc3 Rc8 28. Bxd5 Qxd5 29. Rxf5 Rb8 30. Rf1 Rb2 31. Qg4+ Kc7 32. Re1 Rb4 33. h3 Kb6 34. Kh1 Ka5 35. Qc8 Rb2 36. Qc7+ 1-0

[Event "Leon ESP"]
[Site "?"]
[Date "2001.11.10"]
[Round "5"]
[White "Gelfand Boris ISR"]
[Black "Papaioannou Ioannis GRE"]
[Result "1/2-1/2"]
[WhiteElo "2701"]
[BlackElo "2591"]
[PlyCount "43"]
[EventDate "2001.??.??"]
[Source "www.chesslib.no"]
[SourceDate "2004.05.04"]

1. Nf3 Nf6 2. c4 c5 3. Nc3 e6 4. e4 d6 5. d4 cxd4 6. Nxd4 Be7 7. Be2 O-O 8. O-O a6 9. Be3 Nc6 10. Rc1 Bd7 11. Nb3 b6 12. f4 Bc8 13. Na1 Bb7 14. Na4 Qc7 15. Nxb6 Qb8 16. c5 e5 17. cxd6 Bxd6 18. Bc5 Bxc5+ 19. Qd4 Qc7 20. b4 g6 21. Bf3 g5 22. a3 1/2-1/2

[Event "Biel"]
[Site "?"]
[Date "1996.??.??"]
[Round "?"]
[White "Ehlvest, J."]
[Black "Lautier, J."]
[Result "1/2-1/2"]
[WhiteElo "2660"]
[BlackElo "2620"]
[PlyCount "38"]
[EventDate "1996.??.??"]
[Source "ChessBase"]
[SourceDate "1996.06.01"]

1. Nf3 Nf6 2. c4 c5 3. Nc3 Nc6 4. g3 d5 5. cxd5 Nxd5 6. Bg2 Nc7 7. Qa4 Bd7 8. Qe4 g6 9. Ne5 Bg7 10. Nxd7 Qxd7 11. O-O O-O 12. Rb1 Rab8 13. a3 Nd4 14. d3 e6 15. Be3 Ncb5 16. Bxd4 Nd6 17. Qf3 cxd4 18. Ne4 Nxe4 19. Qxe4 Rfc8 1/2-1/2

[Event "Tilburg"]
[Site "Tilburg"]
[Date "1983.??.??"]
[Round "?"]
[White "Vaganian, Rafael A"]
[Black "Ljubojevic, Ljubomir"]
[Result "1/2-1/2"]
[WhiteElo "2620"]
[BlackElo "2645"]
[PlyCount "123"]
[EventDate "1983.10.??"]
[Source "ChessBase"]

1. Nf3 c5 2. c4 Nf6 3. Nc3 Nc6 4. g3 d5 5. cxd5 Nxd5 6. Bg2 Nc7 7. a3 e6 8. O-O Be7 9. d3 O-O 10. Be3 Nd5 11. Rc1 Nxe3 12. fxe3 Bd7 13. Ne4 Qb6 14. Qc2 c4 15. d4 Rac8 16. Kh1 Na5 17. Nc3 f6 18. e4 Rcd8 19. Bh3 Be8 20. Rcd1 Nb3 21. e3 Bf7 22. Qe2 Qc6 23. Nh4 g6 24. Nf3 b5 25. Bg2 Qb6 26. e5 f5 27. g4 Kh8 28. Ng1 a5 29. gxf5 gxf5 30. Nh3 b4 31. axb4 axb4 32. Nb1 Qc7 33. Nd2 Nxd2 34. Rxd2 Rc8 35. Nf4 Bg5 36. Qf2 Qe7 37. Rc1 Rc7 38. Rdc2 Rfc8 39. Rg1 c3 40. b3 Ra7 41. e4 fxe4 42. Bxe4 Rg8 43. Rcc1 Rd7 44. Rg4 Bxf4 45. Rxf4 Qg5 46. Re1 Bg6 47. Bxg6 Qxg6 48. Rf8 Rdg7 49. d5 Qd3 50. dxe6 Qd5+ 51. Qf3 Qxe6 52. Rxg8+ Rxg8 53. h3 Rc8 54. Kh2 c2 55. Qf4 h6 56. Rf1 Rc7 57. Rg1 Rf7 58. Qd2 Qxe5+ 59. Rg3 Rg7 60. Qd8+ Kh7 61. Qd3+ Kh8 62. Qd8+ 1/2-1/2

[Event "Ubeda"]
[Site "Ubeda"]
[Date "1997.??.??"]
[Round "7"]
[White "Akopian, Vladimir"]
[Black "Leko, Peter"]
[Result "1/2-1/2"]
[WhiteElo "2655"]
[BlackElo "2600"]
[PlyCount "108"]
[EventDate "1997.02.??"]
[Source "ChessBase"]

1. Nf3 Nf6 2. c4 c5 3. g3 Nc6 4. Bg2 d5 5. cxd5 Nxd5 6. Nc3 Nc7 7. d3 e5 8. Nd2 Bd7 9. O-O Be7 10. Nc4 f6 11. f4 b5 12. Ne3 exf4 13. Nf5 b4 14. Nxe7 Qxe7 15. Bxf4 bxc3 16. Bxc7 Rc8 17. Bf4 cxb2 18. Rb1 O-O 19. Rxb2 Nd4 20. Rb7 Nxe2+ 21. Kh1 Nxf4 22. gxf4 a5 23. Ra7 Rfd8 24. Rg1 Kh8 25. Qh5 Qe8 26. Qh4 c4 27. dxc4 Rxc4 28. Qg3 Rdc8 29. Bd5 Qe7 30. Qxg7+ Qxg7 31. Rxg7 Kxg7 32. Rxd7+ Kh6 33. Bxc4 Rxc4 34. f5 Ra4 35. Kg2 Kg5 36. Rxh7 Kxf5 37. Rg7 Rxa2+ 38. Kg3 Ra3+ 39. Kg2 Kf4 40. h4 Ra2+ 41. Kg1 Ra3 42. Kg2 Ra2+ 43. Kg1 Rc2 44. h5 Rc5 45. h6 Rh5 46. h7 f5 47. Ra7 Kg4 48. Rxa5 Rxh7 49. Kg2 Rd7 50. Ra4+ f4 51. Ra3 Rd2+ 52. Kf1 Rh2 53. Rb3 Rh3 54. Rxh3 Kxh3 1/2-1/2

[Event "Mind Sports Games - Blitz Team"]
[Site "Pechino CINA"]
[Date "2008.10.13"]
[Round "8"]
[White "Ghaem Maghami, E."]
[Black "Zhang Zhong"]
[Result "1-0"]
[WhiteElo "2599"]
[BlackElo "2649"]
[PlyCount "119"]
[EventDate "2008.10.13"]
[Source "www.chesslib.no"]
[SourceDate "2004.05.04"]

1. c4 Nf6 2. Nc3 e6 3. e4 c5 4. Nf3 Nc6 5. Be2 a6 6. O-O Qc7 7. d4 cxd4 8. Nxd4 Bb4 9. Qd3 b6 10. Bg5 h5 11. Nf3 Ng4 12. Rad1 Nce5 13. Nxe5 Qxe5 14. f4 Qc5+ 15. Kh1 Nf2+ 16. Rxf2 Qxf2 17. e5 Bxc3 18. bxc3 Qc5 19. Bf3 Rb8 20. Bh4 b5 21. cxb5 axb5 22. f5 O-O 23. Bxh5 exf5 24. Qg3 f4 25. Qxf4 Rb6 26. Bf2 Qc7 27. Bxb6 Qxb6 28. Bf3 Qc5 29. Qd4 Qe7 30. Qd5 Re8 31. Re1 d6 32. Qxb5 Bd7 33. Qb4 Qe6 34. a4 dxe5 35. h3 Bc6 36. Bxc6 Qxc6 37. Qb5 Qe6 38. a5 e4 39. a6 Ra8 40. Qb7 Qxa6 41. Qxa6 Rxa6 42. Rxe4 Ra1+ 43. Kh2 Rc1 44. c4 Rc3 45. Kg1 f5 46. Rf4 Kh7 47. Kf1 g6 48. Ke1 Rc2 49. g4 fxg4 50. hxg4 Kh6 51. Kd1 Ra2 52. c5 Ra6 53. Rc4 Rc6 54. Kd2 Kg5 55. Kc3 Kh4 56. Kb4 g5 57. Kb5 Rc8 58. c6 Rb8+ 59. Ka6 Rc8 60. Kb7 1-0

[Event "II Magistral, Merida MEX"]
[Site "?"]
[Date "2001.??.??"]
[Round "4"]
[White "Short, N."]
[Black "Hernandez, Gi"]
[Result "1-0"]
[WhiteElo "2675"]
[BlackElo "2565"]
[PlyCount "71"]
[EventDate "2001.??.??"]
[Source "www.chesslib.no"]
[SourceDate "2004.05.04"]

1. e4 c5 2. Nf3 e6 3. c4 Nc6 4. Nc3 Nf6 5. Be2 d6 6. d4 cxd4 7. Nxd4 Be7 8. O-O O-O 9. Be3 Bd7 10. Nb3 a6 11. f4 Rb8 12. a3 b6 13. Rc1 Bc8 14. Bf3 Bb7 15. Qe2 Nd7 16. Rfd1 Ba8 17. Rc2 Qc8 18. Nc1 Rb7 19. b4 Rc7 20. Nb3 Ncb8 21. Na4 b5 22. Nb2 bxc4 23. Nxc4 e5 24. Rdc1 Qd8 25. Nba5 f5 26. exf5 e4 27. Bg4 d5 28. Ne5 Rxc2 29. Rxc2 Bf6 30. Nac6 Nxc6 31. Nxc6 Bxc6 32. Rxc6 Nb8 33. Rc1 Qd7 34. Bc5 Re8 35. Rd1 Qb7 36. Qf2 1-0

[Event "Karpov It, Poikovsky RUS"]
[Site "?"]
[Date "2001.??.??"]
[Round "8"]
[White "Onischuk, Al"]
[Black "Leitao, R."]
[Result "1-0"]
[WhiteElo "2655"]
[BlackElo "2585"]
[PlyCount "33"]
[EventDate "2001.??.??"]
[Source "www.chesslib.no"]
[SourceDate "2004.05.04"]

1. c4 Nf6 2. Nc3 e6 3. e4 c5 4. Nf3 Nc6 5. Be2 b6 6. d4 cxd4 7. Nxd4 Bb7 8. Bf4 Bb4 9. Ndb5 Nxe4 10. Qc2 Nxc3 11. bxc3 O-O 12. cxb4 Qf6 13. Qc1 Nxb4 14. O-O Qg6 15. f3 e5 16. Bxe5 Rfe8 17. Qc3 1-0

[Event "Europa ch 2008"]
[Site "Plovdiv BUL"]
[Date "2008.04.26"]
[Round "6.18"]
[White "Khismatullin, Denis"]
[Black "Baklan, Vladimir"]
[Result "1/2-1/2"]
[WhiteElo "2584"]
[BlackElo "2647"]
[PlyCount "27"]
[EventDate "2008.04.21"]
[Source "www.chesslib.no"]
[SourceDate "2004.05.04"]

1. c4 Nf6 2. Nc3 e6 3. e4 c5 4. Nf3 Nc6 5. Be2 b6 6. d4 cxd4 7. Nxd4 Bb7 8. O-O Qb8 9. Nb3 Bb4 10. f3 h6 11. Be3 O-O 12. Rc1 Rd8 13. Qc2 d5 14. cxd5 1/2-1/2

[Event "Amber Blindfold Monte Carlo"]
[Site "?"]
[Date "1996.??.??"]
[Round "?"]
[White "Ljubojevic, Ljubomir"]
[Black "Lautier, Joel"]
[Result "1/2-1/2"]
[WhiteElo "2600"]
[BlackElo "2630"]
[PlyCount "126"]
[EventDate "1996.??.??"]
[Source "www.chesslib.no"]
[SourceDate "2004.05.04"]

1. c4 c5 2. Nf3 Nf6 3. Nc3 Nc6 4. g3 d5 5. cxd5 Nxd5 6. Bg2 Nc7 7. d3 e5 8. O-O Be7 9. Nd2 Bd7 10. Nc4 f6 11. f4 b5 12. Ne3 exf4 13. gxf4 Rb8 14. a4 a6 15. axb5 axb5 16. Ned5 O-O 17. Nxc7 Qxc7 18. Nd5 Qd8 19. Be3 Kh8 20. Bf2 Re8 21. Rc1 Nd4 22. Bh4 Nc6 23. Ne3 c4 24. Nd5 Ra8 25. Rxc4 Ra1 26. Qb1 Ne5 27. Rc6 Bc8 28. Ra6 Be6 29. Ne3 Nc4 30. Rd6 Ne5 31. Kh1 Ra2 32. Nd5 Ra5 33. d4 Qb8 34. b4 Qa7 35. Qe4 Qb6 36. bxa5 Qa7 37. Rb6 Bxd5 38. e3 Qxb6 39. a6 Bc4 40. Qd3 Bf7 41. Qd2 Qb8 42. d5 Ng4 43. Rd1 Bd6 44. Kg1 Ba3 45. f5 Rd8 46. Re1 b4 47. Ra1 Rc8 48. Qxb4 Qb6 49. Qxg4 Bc1 50. Qe4 Rb8 51. Qd4 Rc8 52. Qb4 Rb8 53. Qc5 Rd8 54. Qc4 Qb2 55. Rxc1 Qb1 56. Qf1 Qb7 57. Qc4 Rb8 58. Qg4 Qd7 59. Rf1 Qc6 60. dxc6 Ba2 61. Rc1 Rc8 62. a7 Re8 63. a8=R Bf7 1/2-1/2

[Event "Reykjavik"]
[Site "?"]
[Date "1991.??.??"]
[Round "?"]
[White "Andersson, U."]
[Black "Chandler, M."]
[Result "0-1"]
[WhiteElo "2625"]
[BlackElo "2605"]
[PlyCount "123"]
[EventDate "1991.??.??"]
[Source "ChessBase"]
[SourceDate "1991.06.01"]

1. Nf3 c5 2. c4 Nc6 3. Nc3 Nf6 4. g3 d5 5. cxd5 Nxd5 6. Bg2 Nc7 7. Qa4 Bd7 8. Qe4 g6 9. Ne5 Bg7 10. Nxd7 Qxd7 11. O-O O-O 12. a3 Rac8 13. Rb1 Rfd8 14. d3 Ne6 15. Rd1 Ned4 16. Kf1 b6 17. Bd2 Ne5 18. Be1 Kh8 19. h3 Qe6 20. Bd2 Rd7 21. Bf4 Rcd8 22. b4 cxb4 23. axb4 Rc8 24. Nd5 Nb5 25. Rdc1 Rcd8 26. Ne3 f5 27. Nxf5 gxf5 28. Qe3 Nd4 29. b5 Ng6 30. Qxe6 Nxe6 31. Bd2 Rc7 32. h4 Nc5 33. Bb4 e6 34. Bxc5 Rxc5 35. Rxc5 bxc5 36. b6 axb6 37. Rxb6 Nf8 38. Rc6 Rb8 39. Bf3 Rb5 40. Bh5 Kg8 41. Kg2 Be5 42. g4 fxg4 43. Bxg4 Kf7 44. e3 Ke7 45. Ra6 Bd6 46. Bf3 Nd7 47. Be4 h6 48. Bc6 Rb6 49. Rxb6 Nxb6 50. f4 Kf6 51. Kf3 Nd5 52. Bb5 Bc7 53. Bc4 Ne7 54. h5 Nf5 55. Bb3 Ba5 56. Ke2 Bc3 57. Bd1 Ke7 58. e4 Nd4+ 59. Ke3 Kf6 60. Ba4 Bb2 61. Kd2 e5 62. f5 0-1

[Event "Groningen PCA"]
[Site "Groningen"]
[Date "1993.??.??"]
[Round "11"]
[White "Hansen, Curt"]
[Black "Kortschnoj, Viktor"]
[Result "1/2-1/2"]
[WhiteElo "2590"]
[BlackElo "2625"]
[PlyCount "62"]
[EventDate "1993.12.??"]
[Source "ChessBase"]

1. c4 c5 2. Nc3 g6 3. g3 Bg7 4. Bg2 Nf6 5. b3 O-O 6. Bb2 Nc6 7. d3 e6 8. Bxc6 bxc6 9. f4 e5 10. fxe5 Ng4 11. Nf3 Nxe5 12. Nxe5 Bxe5 13. Qd2 d6 14. O-O-O Qe7 15. Ne4 Bf5 16. Bxe5 Bxe4 17. Bxd6 Qxd6 18. dxe4 Qe5 19. Kc2 Qxe4+ 20. Qd3 Qe7 21. Qf3 Rad8 22. Rxd8 Rxd8 23. Rd1 Rxd1 24. Kxd1 Qd6+ 25. Ke1 h5 26. Qe4 Kf8 27. Kf2 Qf6+ 28. Kg2 Qe7 29. Kf3 Qf6+ 30. Kg2 Qe7 31. Kf3 Qf6+ 1/2-1/2

[Event "New York USA"]
[Site "?"]
[Date "2002.08.27"]
[Round "2"]
[White "Rohde Michael A"]
[Black "Yudasin Leonid"]
[Result "0-1"]
[WhiteElo "2518"]
[BlackElo "2696"]
[PlyCount "91"]
[EventDate "2002.??.??"]
[Source "www.chesslib.no"]
[SourceDate "2004.05.04"]

1. Nf3 c5 2. c4 Nf6 3. Nc3 b6 4. e3 g6 5. d4 Bg7 6. Be2 O-O 7. O-O e6 8. e4 cxd4 9. Nxd4 Bb7 10. e5 Ne8 11. Bf4 Nc6 12. Bf3 Qc8 13. Nxc6 Bxc6 14. Rc1 Qb7 15. Bxc6 Qxc6 16. Qd3 f6 17. exf6 Nxf6 18. Be5 a6 19. Rfe1 Rf7 20. b3 Raf8 21. Qd6 Qb7 22. Qc7 Qxc7 23. Bxc7 Ng4 24. f3 Bd4+ 25. Kf1 Ne3+ 26. Ke2 Nxg2 27. Red1 Be3 28. Rc2 Rxf3 29. Ne4 Bh6 30. Bxb6 Rh3 31. Rxd7 Rxh2 32. Bf2 Ne3 33. Rc3 Ng4 34. Rf3 Rxf3 35. Kxf3 Rxf2+ 36. Kg3 Rf8 37. Nc5 Ne5 38. Ra7 Be3 39. Rc7 Bf4+ 40. Kh3 Nxc4 41. Rb7 Nd6 42. Rd7 Rc8 43. Nxe6 Be5 44. b4 Rc3+ 45. Kg2 h5 46. a4 0-1

[Event "Karpov It, Poikovsky RUS"]
[Site "?"]
[Date "2001.??.??"]
[Round "4"]
[White "Zvjaginsev, V."]
[Black "Leitao, R."]
[Result "1/2-1/2"]
[WhiteElo "2625"]
[BlackElo "2585"]
[PlyCount "43"]
[EventDate "2001.??.??"]
[Source "www.chesslib.no"]
[SourceDate "2004.05.04"]

1. c4 Nf6 2. Nc3 e6 3. e4 c5 4. Nf3 Nc6 5. Be2 b6 6. d4 cxd4 7. Nxd4 Bb7 8. Bf4 Nxd4 9. Qxd4 Bc5 10. Qd3 d6 11. O-O O-O 12. Rad1 Qe7 13. Bxd6 Bxd6 14. Qxd6 Qxd6 15. Rxd6 Nxe4 16. Nxe4 Bxe4 17. f3 Bb7 18. b4 Rfc8 19. Rfd1 Kf8 20. Kf2 Bc6 21. f4 Ke7 22. Rxc6 1/2-1/2

[Event "2nd IECC, Ohrid MKD"]
[Site "?"]
[Date "2001.??.??"]
[Round "8"]
[White "Akopian, V."]
[Black "Ruck, R."]
[Result "1-0"]
[WhiteElo "2650"]
[BlackElo "2555"]
[PlyCount "67"]
[EventDate "2001.??.??"]
[Source "www.chesslib.no"]
[SourceDate "2004.05.04"]

1. Nf3 Nf6 2. c4 c5 3. g3 Nc6 4. Bg2 d5 5. cxd5 Nxd5 6. Nc3 Nc7 7. d3 e5 8. Nd2 Bd7 9. O-O Be7 10. Nc4 f6 11. f4 b5 12. Ne3 exf4 13. Nf5 b4 14. Nxe7 Qxe7 15. Ne4 Ne6 16. gxf4 f5 17. Ng3 O-O 18. a3 Rab8 19. axb4 Rxb4 20. Ra6 Qd6 21. e3 Rb6 22. Ra3 Nb4 23. Rxa7 Nxd3 24. Qc2 Bb5 25. Rd1 c4 26. b3 Qb8 27. Ra8 cxb3 28. Qxb3 Qxa8 29. Bxa8 Ndc5 30. Qa3 Ra6 31. Qb4 Ba4 32. Bd5 Bxd1 33. Qxc5 Bf3 34. Qc4 1-0

[Event "IV Campionato UE"]
[Site "Liverpool ING"]
[Date "2008.09.16"]
[Round "8"]
[White "Short, N."]
[Black "Conquest, S."]
[Result "1-0"]
[WhiteElo "2655"]
[BlackElo "2536"]
[PlyCount "123"]
[EventDate "2008.09.09"]
[Source "www.chesslib.no"]
[SourceDate "2004.05.04"]

1. e4 c5 2. Nf3 e6 3. c4 Nc6 4. Nc3 Nf6 5. Be2 b6 6. O-O Bb7 7. d4 cxd4 8. Nxd4 Nxd4 9. Qxd4 Bc5 10. Qd3 Qb8 11. g3 O-O 12. a3 a5 13. Rd1 Rd8 14. Bg5 h6 15. Bxf6 gxf6 16. Rd2 Qc7 17. Kf1 Rac8 18. Rad1 Bc6 19. f4 Re8 20. Bf3 Kg7 21. Kg2 Rcd8 22. Qb1 Rg8 23. b4 axb4 24. axb4 Bf8 25. Qb3 Kh8 26. Kf2 Bg7 27. Ne2 Bb7 28. Nd4 Ba6 29. Be2 Rge8 30. Ra2 Ra8 31. Ra4 Rec8 32. Qa3 Bb7 33. Rxa8 Rxa8 34. Qd3 Qd6 35. Nc2 Qxd3 36. Bxd3 Ra2 37. Ke3 Kg8 38. Kd2 Kf8 39. f5 Ke8 40. Kc3 Bf8 41. Kb3 Ra8 42. Rf1 Bc6 43. b5 Bb7 44. fxe6 dxe6 45. Rxf6 Rd8 46. Ne1 Ra8 47. Nc2 Rd8 48. Ne1 Ra8 49. Rf2 Ra1 50. Re2 f6 51. Bc2 Bc5 52. Nd3 Bd4 53. c5 bxc5 54. Kc4 e5 55. Nxc5 Bc8 56. Kb4 Ra8 57. Bb3 Ke7 58. Bd5 Bg4 59. Rc2 Rc8 60. b6 Kd6 61. b7 Bxc5+ 62. Rxc5 1-0

[Event "2nd IECC, Ohrid MKD"]
[Site "?"]
[Date "2001.??.??"]
[Round "3"]
[White "Tkachiev, V."]
[Black "Mikhalevski, V."]
[Result "1-0"]
[WhiteElo "2670"]
[BlackElo "2520"]
[PlyCount "99"]
[EventDate "2001.??.??"]
[Source "www.chesslib.no"]
[SourceDate "2004.05.04"]

1. c4 c5 2. g3 Nf6 3. Bg2 d5 4. cxd5 Nxd5 5. Nc3 Nc7 6. Qa4+ Qd7 7. Nf3 Qxa4 8. Nxa4 Nd7 9. d4 cxd4 10. Nxd4 e5 11. Nb3 Bb4+ 12. Bd2 Bxd2+ 13. Kxd2 Nb6 14. Rhc1 Ne6 15. Nac5 Rb8 16. Na5 Nxc5 17. Rxc5 f6 18. Rac1 O-O 19. Rc7 Be6 20. b3 Rfd8+ 21. Ke1 Bd5 22. Bxd5+ Nxd5 23. Rxb7 Rxb7 24. Nxb7 Rd7 25. Rc8+ Kf7 26. Nc5 Nb6 27. Rc6 Re7 28. e4 Nd7 29. Nb7 Nf8 30. Nd6+ Kg6 31. Nc8 Re8 32. Nxa7 Ra8 33. Ra6 Ne6 34. Ra5 Ng5 35. Nc6 Rxa5 36. Nxa5 Nxe4 37. Nc4 Kf5 38. f3 Nc3 39. a4 Ke6 40. Kd2 Na2 41. Nb2 Kd5 42. Nd3 Kd4 43. a5 Nc3 44. Nc5 Nb1+ 45. Kc1 Nc3 46. Ne6+ Ke3 47. Nc7 Ne2+ 48. Kb2 Nd4 49. a6 Nc6 50. b4 1-0

[Event "JUG Ch"]
[Site "Novi Sad YUG"]
[Date "1975.??.??"]
[Round "?"]
[White "Ljubojevic, Ljubomir"]
[Black "Gligoric, Svetozar"]
[Result "1/2-1/2"]
[WhiteElo "2615"]
[BlackElo "2575"]
[PlyCount "65"]
[EventDate "1975.??.??"]
[Source "www.chesslib.no"]
[SourceDate "2004.05.04"]

1. Nf3 Nf6 2. c4 c5 3. Nc3 e6 4. e4 Nc6 5. h3 d5 6. cxd5 exd5 7. e5 Ne4 8. Bb5 Be7 9. Qa4 Nxc3 10. Bxc6+ bxc6 11. dxc3 O-O 12. O-O Bf5 13. Qxc6 Rb8 14. Qa4 Rb6 15. Re1 Rg6 16. Kh2 Be4 17. Bf4 Qb6 18. Re2 Bxf3 19. gxf3 d4 20. cxd4 cxd4 21. Rd1 Bc5 22. b4 Qb7 23. Qb3 Bb6 24. a4 a6 25. Rd3 Qd7 26. Re4 Rd8 27. Be3 Qe8 28. Bd2 Qc6 29. Re1 h6 30. Bf4 Qd7 31. Rc1 Qf5 32. Bg3 Re6 33. f4 1/2-1/2

[Event "Kobenhavn"]
[Site "?"]
[Date "1995.??.??"]
[Round "?"]
[White "Hansen, Cu"]
[Black "Pinter, J."]
[Result "1/2-1/2"]
[WhiteElo "2630"]
[BlackElo "2555"]
[PlyCount "68"]
[EventDate "1995.??.??"]
[Source "ChessBase"]
[SourceDate "1995.02.01"]

1. c4 Nf6 2. Nc3 c5 3. g3 d5 4. cxd5 Nxd5 5. Bg2 Nc7 6. Qb3 Nc6 7. Bxc6+ bxc6 8. Nf3 Ne6 9. d3 g6 10. Qa4 Qb6 11. O-O Bg7 12. Be3 O-O 13. Rfc1 Nd4 14. Rab1 Be6 15. Ng5 Bf5 16. Nge4 Bxe4 17. Bxd4 Bxd3 18. Bxg7 Bb5 19. Qe4 Kxg7 20. Qe5+ Kg8 21. Nxb5 cxb5 22. Rxc5 a6 23. Rd1 Ra7 24. h4 h5 25. Rd3 Re8 26. b4 Qf6 27. Qe3 Rb7 28. Kg2 e5 29. Qe4 Rbe7 30. Rc6 Re6 31. Rc7 R6e7 32. Rc6 Re6 33. Rc7 R6e7 34. Rc6 Re6 1/2-1/2

[Event "Beijing"]
[Site "?"]
[Date "1996.??.??"]
[Round "?"]
[White "Rublevsky, S."]
[Black "Ye, Jiangchuan"]
[Result "1/2-1/2"]
[WhiteElo "2645"]
[BlackElo "2540"]
[PlyCount "81"]
[EventDate "1996.??.??"]
[Source "ChessBase"]
[SourceDate "1996.06.01"]

1. e4 c5 2. Nf3 e6 3. c4 Nc6 4. Nc3 Nf6 5. Be2 Be7 6. d4 cxd4 7. Nxd4 O-O 8. Nxc6 bxc6 9. e5 Ne8 10. Be3 Qc7 11. f4 d6 12. Qd4 c5 13. Qd2 dxe5 14. Bf3 Bb7 15. Bxb7 Qxb7 16. fxe5 Bh4+ 17. Kf1 f6 18. Kg1 fxe5 19. g3 Be7 20. Qg2 e4 21. Nxe4 Qa6 22. b3 Nf6 23. h3 Rad8 24. Kh2 Nxe4 25. Qxe4 Bf6 26. Rag1 Qxa2+ 27. Rg2 Qa3 28. Qxe6+ Kh8 29. Re1 h6 30. Rge2 Rfe8 31. Qf7 Re7 32. Qg6 Qxb3 33. Bxh6 Rxe2+ 34. Rxe2 Qxc4 35. Rf2 Qd3 36. Qf7 Qd7 37. Rxf6 Qxf7 38. Rxf7 gxh6 39. Rxa7 Rc8 40. Kg2 c4 41. Kf3 1/2-1/2

[Event "New York ch USA blit"]
[Site "?"]
[Date "1989.??.??"]
[Round "?"]
[White "Seirawan, Yasser"]
[Black "Dlugy, Maxim"]
[Result "1-0"]
[WhiteElo "2610"]
[BlackElo "2570"]
[PlyCount "61"]
[EventDate "1989.??.??"]
[Source "www.chesslib.no"]
[SourceDate "2004.05.04"]

1. c4 c5 2. g3 Nf6 3. Bg2 d5 4. cxd5 Nxd5 5. Nc3 Nc7 6. Qb3 Nc6 7. Bxc6+ bxc6 8. Nf3 f6 9. Qa4 Qd7 10. d3 e5 11. Be3 Nb5 12. Rc1 Nd4 13. O-O h5 14. h4 g5 15. Bxd4 cxd4 16. Ne4 Be7 17. Qxc6 Qxc6 18. Rxc6 Bb7 19. Nxf6+ Kd8 20. Re6 Bc8 21. Nxg5 Bxe6 22. Nxe6+ Kc8 23. Rc1+ Kb8 24. Nd7+ Kb7 25. Rc7+ Ka6 26. Nxe5 Bb4 27. Nxd4 Rac8 28. Rxc8 Rxc8 29. Nc4 Bc5 30. Ne6 Bb6 31. Kg2 1-0

[Event "Essen 75/451"]
[Site "?"]
[Date "1999.??.??"]
[Round "?"]
[White "Zvjaginsev, Vadim"]
[Black "Bischoff, Klaus"]
[Result "1-0"]
[WhiteElo "2658"]
[BlackElo "2521"]
[PlyCount "69"]
[EventDate "1999.??.??"]
[Source "ChessBase"]
[SourceDate "1999.02.01"]

1. Nf3 Nf6 2. c4 b6 3. Nc3 e6 4. a3 c5 5. e3 g6 6. d4 Bg7 7. Be2 O-O 8. O-O Bb7 9. d5 exd5 10. cxd5 Re8 11. Ne1 d6 12. f3 Ba6 13. e4 Bxe2 14. Qxe2 a6 15. a4 Nbd7 16. Nc2 Qc7 17. Be3 h5 18. Rac1 Nh7 19. Kh1 Ne5 20. Bg1 f5 21. exf5 gxf5 22. f4 Ng4 23. Qd3 Qd7 24. h3 Bxc3 25. hxg4 Bxb2 26. Rb1 Bg7 27. g5 Re4 28. Rxb6 Rae8 29. Qxa6 Nxg5 30. Rxd6 Qxa4 31. Ne3 Nf7 32. Nxf5 Nxd6 33. Qxd6 Kh7 34. Rf3 Qd1 35. Rg3 1-0